| 000 | 00351nam a2200145Ia 4500 | ||
|---|---|---|---|
| 008 | 230917s9999||||xx |||||||||||||| ||und|| | ||
| 040 |
_e21022 _aMAIN |
||
| 041 | _aEnglish | ||
| 082 | _a514 H84E | ||
| 100 | _aHu, Sze-Tsen | ||
| 245 | 0 | _aElements of general topology | |
| 260 |
_aSan Francisco _bHolden-Day _c1969 |
||
| 300 | _ax,214 p. | ||
| 942 | _cBK | ||
| 999 |
_c40103 _d40103 |
||